Extremely Hard General Knowledge #3 - Statistics

General Stats
  • This quiz has been taken 2,297 times
  • The average score is 5 of 20
Answer Stats
Hint Answer % Correct
Which country has won the Cricket World Cup the most (5) times since it began in 1975? Australia
71%
Which city is home to the headquarters of Amazon? Seattle
56%
What is the largest Canadian province by area? Quebec
48%
In which year did Valentina Tereshkova become the first woman to go into space? 1963
45%
What nationality was Gregor Mendel, the monk often dubbed the 'Father of Genetics'? Austrian
44%
Bill Belichick has won the Superbowl the most (6) times, each time managing which team? New England Patriots
42%
What was the name of the Sherpa mountaineer who, along with Edmund Hillary, became the first man to climb Mount Everest in 1953? Tenzing Norgay
40%
The Ryder Cup has only ever not been hosted in the British Isles or the USA twice. In France (2018) and which other country? Spain (1997)
31%
In which year was the Battle of Trafalgar? 1805
28%
Sara Dallin, Siobhan Fahey, and Keren Woodward were the members of which pop group? Bananarama
16%
Who did Brian Johnson take over from as the lead singer of AC/DC after they died from acute alcohol poisoning in 1980? Bon Scott
16%
In which year was Siam renamed to Thailand? 1939
15%
Who won the Best Director Oscar for directing Lawrence of Arabia (1962) and Bridge on the River Kwai (1957)? David Lean
14%
Who holds the record for the longest single term as UK Prime Minister, being in office from 1721 until 1742? Sir Robert Walpole
14%
What is the name of the fictional town that 'Coronation Street' is set in? Weatherfield
14%
Who played the Joker in Batman (1966), the first full length theatrical adaption of the DC Comics Cesar Romero
12%
David Crane and Marta Kauffman created 'Friends', but how many episodes of the show were released? 236
11%
Who won the Nobel Physics Prize for his discovery of the neutron in 1935? James Chadwick
8%
What is the Latin term for the phylum in the animal kingdom which roughly means 'jointed foot' Arthropoda
3%
Which driver has won the 24 Hours of Le Mans the most (9) times? Tom Kristensen
2%
No matching quizzes found
Score Distribution
Percent of People with Each Score
Percentile by Number Answered
Your Score History
You have not taken this quiz